L'année de la paix / (Record no. 126074)

MARC details
000 -LEADER
campo de control de longitud fija 00532nam a2200181 4500
001 - NÚMERO DE CONTROL
campo de control 126074
003 - IDENTIFICADOR DE NÚMERO DE CONTROL
campo de control ES-MaACL
005 - FECHA Y HORA DE LA ÚLTIMA TRANSACCIÓN
campo de control 20230906192742.0
007 - CAMPO FIJO DE DESCRIPCIÓN FÍSICA--INFORMACIÓN GENERAL
campo de control de longitud fija t|
008 - DATOS DE LONGITUD FIJA--INFORMACIÓN GENERAL
campo de control de longitud fija 070214s1920 fr r ||||1| fre d
100 1# - ENTRADA PRINCIPAL--NOMBRE DE PERSONA
Nombre de persona Reinach, Joseph.
9 (RLIN) 96038
245 12 - MENCIÓN DEL TÍTULO
Título L'année de la paix /
Mención de responsabilidad, etc. Joseph Reinach.
260 ## - PUBLICACIÓN, DISTRIBUCIÓN, ETC.
Lugar de publicación, distribución, etc. Mâcon [Francia] :
Nombre del editor, distribuidor, etc. Protat Freres,
Fecha de publicación, distribución, etc. 1920.
300 ## - DESCRIPCIÓN FÍSICA
Extensión 256 p. ;
Dimensiones 19 x 12 cm.
630 04 - PUNTO DE ACCESO ADICIONAL DE MATERIA--TÍTULO UNIFORME
Título uniforme Tratado de Versalles (
Fecha de la firma de un tratado 1919)
9 (RLIN) 155228
650 #4 - PUNTO DE ACCESO ADICIONAL DE MATERIA--TÉRMINO DE MATERIA
Término de materia o nombre geográfico como elemento de entrada Guerra mundial, 1914-1918-
Subdivisión general Paz.
9 (RLIN) 13225
852 ## - LOCALIZACIÓN
Ubicación ES-MaACL
Número de control de estantería F-7717
Holdings
Estatus retirado Estado de pérdida Estado de daño No para préstamo Biblioteca de origen Biblioteca actual Ubicación en estantería Fecha de adquisición Fuente de adquisición Total de préstamos Signatura topográfica completa Código de barras Visto por última vez Precio de reemplazo Tipo de ítem Koha
        Biblioteca del Ateneo de Madrid Biblioteca del Ateneo de Madrid Sala Pecera Planta 2 17/01/2008     F-7717 1131321 23/02/2023 23/02/2023 Libro impreso